000 00302nam a22001337a 4500
008 170619b xxu||||| |||| 00| 0 eng d
020 _a0813375487
041 _aeng
080 _a32
100 _a20
101 _aSHP
245 _aDEBT AND DEMOCRACY IN LATIN AMERICA
_cSTALLINGS,B
942 _2udc
_cBK
999 _c18041
_d18041